Greek Letters by Usage - Statistics

General Stats
  • This quiz has been taken 18 times
  • The average score is 8 of 10
Answer Stats
Hint Answer % Correct
Used to indicate change Δ
100%
The symbol for an angle θ
94%
The symbol for summation Σ
94%
The ratio of a circle's circumference and diameter π
94%
The symbol for wavelength λ
81%
The symbol for density ρ
75%
A function that extends the factorial function beyond whole numbers Γ
69%
The symbol for mean μ
63%
The golden ratio φ
63%
The symbol for significance level in statistics α
56%
No matching quizzes found
Score Distribution
Percent of People with Each Score
Percentile by Number Answered
Your Score History
You have not taken this quiz